000 00838nam a22002417a 4500
001 19035
003 BD-RjUL
005 20211209000356.0
008 140223r19481935enk 001 0 eng d
035 _a(BD-RjUL)19093
040 _aBD-RjUL
_beng
_cBD-RjUL
041 _aeng
082 _a821.08
_bCAG 1948
100 1 _aCaldwell, Thomas.
_958651
245 _aThe golden book of modern english poetry /
_cThomas Calswell
260 _aLondon ;
_aNwe York :
_bJ. M. Dent & Sons,
_c[Reprinted 1948].
300 _axxiii, 42p. ;
_c18 cm.
490 1 _aEveryman's library. Poetry & the drama.
_vno. 921
500 _a "First published in this edition 1935." "Selected by Thomas Caldwell with additional selections by Philip Henderson."
504 _aIncludes index.
650 0 _aEnglish poetry
_v19th century.
_958591
942 _2ddc
_cBK
999 _c19035
_d19035